面對 : 小金剛世代與野草莓世代的深情對話

資料類型: Book 圖書   書目號:46272

Leader xxxxxxxxxx
001 __ PCLIS00046272
005 __ 20090731141544.0008
010 0_ |a9789861734613|b平裝|dNT$260
020 __ |atw|b97023848
042 __ |anbic
042 __ |anbic
050 __ |a002013055
100 __ |a20081210d2009    k  y0chiy09      e
101 0_ |achi
102 __ |atw
105 __ |aa   z   000yy
200 1_ |a面對|e小金剛世代與野草莓世代的深情對話|f小野, 李亞文
205 __ |a初版
210 __ |a臺北市|c麥田出版|c家庭傳媒城邦分公司發行|d民98.01
215 0_ |a199面|c|d21公分
225 1_ |a小野作品集|v24
300 __ |a
314 __ |a小野本名李遠
517 1_ |a小金剛世代與野草莓世代的深情對話|zchi
681 __ |a855|b847
700 _1 |a|b|4
701 _1 |a|b|c(中國文學, 1983-)
702 __ |a|b|4
801 _0 |atw|bCIP|c20081210|gCCR
801 _1 |atw|bCIP|c20081210|gCCR
801 _2 |atw|b國圖|c20090623|gCCR
詳細館藏(共 1 筆)
索 書 號登 錄 號冊次號館別 / 館藏地流通類型狀態加入預約清單電子資源
855 / 8470 2019230  圖書館 / 一樓普通區 可外借30天 在館   

| 條列資料




目錄查詢 分類查詢 個人資料 圖書薦購 新書查詢 閉館日 排行榜 更多電子資源 Hami書城 線上資料庫 登出

From : 216.73.216.116

  本日流通累計至 18:31:28 借閱 : 6 次 續借 : 0 次 歸還 : 8 次 預約 : 0 次 電子資源 : 0 次


內湖高中圖書館  PCLIS 版本  25.5.0.2